[Event "FRA-chT2 0910"]
[Site "France"]
[Date "2009.10.17"]
[Round "2.4"]
[White "Sanchez, Nicolas"]
[Black "Blanc, Sebastien"]
[Result "1-0"]
[WhiteElo "2159"]
[BlackElo "2131"]
[PlyCount "69"]
[EventDate "2009.09.27"]
[EventType "team"]
[EventRounds "11"]
[EventCountry "FRA"]
[Source "ChessBase"]
[SourceDate "2010.03.11"]

1. d4 d5 2. Nf3 Nf6 3. c4 c6 4. Nc3 a6 5. a4 e6 6. Bg5 Nbd7 7. e3 Qa5 8. Nd2
Bb4 9. Qc1 Ne4 10. Ndxe4 dxe4 11. Bf4 e5 12. Bg3 f5 13. Be2 f4 14. Bh4 exd4 15.
exd4 g5 16. Bh5+ Kf8 17. O-O Bxc3 18. bxc3 Nf6 19. c5 h6 20. Be2 Bf5 21. f3 e3
22. Be1 Qc7 23. c4 Rg8 24. Qb2 Kg7 25. Bc3 Rgf8 26. Ra3 Rad8 27. Rb3 Bc8 28.
Bd3 h5 29. Bf5 Rf7 30. Bb1 Rg8 31. Rb6 Qe7 32. d5 Qxc5 33. Bd4 Qd6 34. dxc6
bxc6 35. c5 1-0

[Event "FRA-chT2 0910"]
[Site "France"]
[Date "2009.10.17"]
[Round "2.4"]
[White "Serafimov, Dimitar"]
[Black "Serafimov, Tervel"]
[Result "1/2-1/2"]
[WhiteElo "2210"]
[BlackElo "2410"]
[PlyCount "112"]
[EventDate "2009.09.27"]
[EventType "team"]
[EventRounds "11"]
[EventCountry "FRA"]
[Source "ChessBase"]
[SourceDate "2010.03.11"]

1. c4 e5 2. Nc3 Nf6 3. g3 d5 4. cxd5 Nxd5 5. Bg2 Nb6 6. Nf3 Nc6 7. Rb1 Be7 8.
b4 e4 9. Nxe4 Bf5 10. Qc2 Qd5 11. d3 Nxb4 12. Rxb4 Bxb4+ 13. Nfd2 Qd7 14. Nc5
Bxc5 15. Qxc5 O-O-O 16. O-O Bh3 17. Bxh3 Qxh3 18. Nf3 Rd5 19. Qa3 Kb8 20. Bf4
f6 21. Rc1 Rc8 22. e4 Rd7 23. Rc3 Qh5 24. Kg2 Qb5 25. Qc1 g5 26. Rb3 Qa6 27.
Ra3 Na4 28. Qc4 b5 29. Rxa4 Qxa4 30. Qc6 Rxd3 31. Be3 Rd6 32. Qc5 Re8 33. e5
fxe5 34. Nxg5 Qa6 35. Ne4 Qb7 36. f3 Rc6 37. Qa3 Rc2+ 38. Kh3 h5 39. Qb3 Qc8+
40. g4 hxg4+ 41. Kg3 gxf3 42. Qxc2 Qf5 43. Bxa7+ Kxa7 44. Qxc7+ Ka8 45. Qc6+
Ka7 46. Qc7+ Ka8 47. Qa5+ Kb8 48. Qxb5+ Ka7 49. Qa4+ Kb6 50. Qb4+ Ka7 51. Qa5+
Kb8 52. Qb6+ Ka8 53. Qa6+ Kb8 54. Qd6+ Ka7 55. Qa3+ Kb8 56. Qb4+ Ka7 1/2-1/2

[Event "FRA-chT2 0910"]
[Site "France"]
[Date "2009.10.17"]
[Round "2.4"]
[White "Viatte, Robert"]
[Black "Lefebvre, Herve"]
[Result "0-1"]
[WhiteElo "2146"]
[BlackElo "2266"]
[PlyCount "70"]
[EventDate "2009.09.27"]
[EventType "team"]
[EventRounds "11"]
[EventCountry "FRA"]
[Source "ChessBase"]
[SourceDate "2010.03.11"]

1. d4 d5 2. Nf3 c6 3. c4 e6 4. Nc3 dxc4 5. a4 Bb4 6. e3 b5 7. Bd2 a5 8. axb5
Bxc3 9. Bxc3 cxb5 10. b3 Bb7 11. bxc4 b4 12. Bb2 Nf6 13. Bd3 O-O 14. O-O Nbd7
15. Qb1 Qc7 16. e4 e5 17. h3 exd4 18. Bxd4 Nh5 19. Rc1 Nf4 20. Bf1 Rfe8 21. Re1
Nc5 22. Nd2 Red8 23. Nf3 Re8 24. Nd2 Qd6 25. Bxc5 Qxc5 26. g3 Ng6 27. Nb3 Qc7
28. Nd4 Ne5 29. Qb3 Qc5 30. Nf5 a4 31. Rxa4 Rxa4 32. Qxa4 Nf3+ 33. Kh1 Bc6 34.
Qa1 Qxf5 35. Bg2 Rxe4 0-1

[Event "FRA-chT2 0910"]
[Site "France"]
[Date "2009.10.17"]
[Round "2.5"]
[White "Bedue, Julien"]
[Black "Gaubil, Olivier"]
[Result "1-0"]
[WhiteElo "2085"]
[BlackElo "2114"]
[PlyCount "65"]
[EventDate "2009.09.27"]
[EventType "team"]
[EventRounds "11"]
[EventCountry "FRA"]
[Source "ChessBase"]
[SourceDate "2010.03.11"]

1. d4 Nf6 2. Nc3 d5 3. Bg5 e6 4. e4 Bb4 5. e5 h6 6. Bd2 Bxc3 7. Bxc3 Ne4 8. Bb4
c5 9. dxc5 Nxf2 10. Qd2 Nxh1 11. Nf3 Nc6 12. Ba3 Nxe5 13. Nxe5 Qh4+ 14. g3 Nxg3
15. Bb5+ Kf8 16. O-O-O Nf5 17. Qa5 Kg8 18. Kb1 Qf6 19. Qe1 Kh7 20. b3 Rd8 21.
Bb2 Qe7 22. Bd3 f6 23. Ng4 e5 24. Qf2 e4 25. Re1 h5 26. Ne3 Qxc5 27. Bf1 Nxe3
28. Rxe3 Bg4 29. b4 Qb6 30. Qf4 Rac8 31. Rg3 Qxb4 32. h3 Bf3 33. Rxg7+ 1-0

[Event "FRA-chT2 0910"]
[Site "France"]
[Date "2009.10.17"]
[Round "2.5"]
[White "Bleuzen, Cedric"]
[Black "Barbet, Loic"]
[Result "0-1"]
[WhiteElo "2054"]
[BlackElo "2086"]
[PlyCount "84"]
[EventDate "2009.09.27"]
[EventType "team"]
[EventRounds "11"]
[EventCountry "FRA"]
[Source "ChessBase"]
[SourceDate "2010.03.11"]

1. d4 e6 2. c4 Nf6 3. Nc3 Bb4 4. Qb3 c5 5. a3 Qa5 6. dxc5 Bxc3+ 7. bxc3 Na6 8.
f3 Nxc5 9. Qb4 Qc7 10. e4 a5 11. Qb2 Ra6 12. Be3 d6 13. Rb1 O-O 14. Nh3 e5 15.
Nf2 Nfd7 16. Be2 Nb6 17. O-O Be6 18. Qb5 Nba4 19. Bxc5 Nxc5 20. Nd3 Bd7 21. Qb2
Rb8 22. Rfd1 Nxd3 23. Bxd3 Be6 24. Qb5 Rc6 25. Kf2 b6 26. Rd2 Rc5 27. Qb3 Bxc4
28. Bxc4 Rxc4 29. Rxd6 Rxc3 30. Qd5 Rc2+ 31. Kg3 Qe7 32. h4 g5 33. h5 g4 34. f4
Rbc8 35. Rb3 exf4+ 36. Kxf4 R2c5 37. Qd3 Qe5+ 38. Kxg4 Qxh5+ 39. Kf4 Qe5+ 40.
Kg4 Qg5+ 41. Kf3 h5 42. Kf2 Qf4+ 0-1

[Event "FRA-chT2 0910"]
[Site "France"]
[Date "2009.10.17"]
[Round "2.5"]
[White "Cadiou, Jacques"]
[Black "Varlet, Nicolas"]
[Result "1-0"]
[WhiteElo "1996"]
[BlackElo "2122"]
[PlyCount "69"]
[EventDate "2009.09.27"]
[EventType "team"]
[EventRounds "11"]
[EventCountry "FRA"]
[Source "ChessBase"]
[SourceDate "2010.03.11"]

1. Nf3 Nf6 2. c4 g6 3. Nc3 d5 4. cxd5 Nxd5 5. e4 Nxc3 6. bxc3 Bg7 7. Be2 O-O 8.
O-O c5 9. Qc2 Nc6 10. d3 b6 11. Rd1 e5 12. Bg5 Qd6 13. Nd2 Be6 14. Nc4 Qd7 15.
a4 f5 16. f3 f4 17. a5 b5 18. Nd2 a6 19. Bh4 Rac8 20. Nb3 Qd6 21. Bf2 Ne7 22.
Qb2 Rfd8 23. Qa3 b4 24. Qb2 Rc6 25. cxb4 cxb4 26. d4 Rdc8 27. Rd2 Qc7 28. d5
Rc2 29. Rxc2 Qxc2 30. Qxc2 Rxc2 31. Bd1 Rxf2 32. Kxf2 Bd7 33. Be2 Bb5 34. Bxb5
axb5 35. a6 1-0

[Event "FRA-chT2 0910"]
[Site "France"]
[Date "2009.10.17"]
[Round "2.5"]
[White "Duchateau, Thomas"]
[Black "Bellet, Georges"]
[Result "1-0"]
[WhiteElo "2147"]
[BlackElo "2163"]
[PlyCount "71"]
[EventDate "2009.09.27"]
[EventType "team"]
[EventRounds "11"]
[EventCountry "FRA"]
[Source "ChessBase"]
[SourceDate "2010.03.11"]

1. d4 c5 2. d5 d6 3. c4 Nf6 4. Nc3 g6 5. e4 Bg7 6. h3 a6 7. a4 e5 8. g4 Nbd7 9.
Nge2 Rb8 10. Ng3 Nb6 11. Be3 Na8 12. Be2 Nc7 13. h4 Bd7 14. a5 b5 15. axb6 Rxb6
16. Ra2 Qb8 17. g5 Ng8 18. Qd2 Qc8 19. h5 Bg4 20. h6 Bf8 21. f3 Bd7 22. f4 f6
23. O-O Qd8 24. fxe5 dxe5 25. Nf5 Bxf5 26. exf5 Be7 27. Na4 Rd6 28. Nxc5 fxg5
29. Nb7 Qd7 30. Nxd6+ Qxd6 31. Bxg5 Nf6 32. Bxf6 Bxf6 33. Qd3 Bg5 34. fxg6 hxg6
35. Qf3 Rh7 36. Qg4 1-0

[Event "FRA-chT2 0910"]
[Site "France"]
[Date "2009.10.17"]
[Round "2.5"]
[White "Gollain, Marc"]
[Black "Bouton, Christophe"]
[Result "1/2-1/2"]
[WhiteElo "2181"]
[BlackElo "2084"]
[PlyCount "118"]
[EventDate "2009.09.27"]
[EventType "team"]
[EventRounds "11"]
[EventCountry "FRA"]
[Source "ChessBase"]
[SourceDate "2010.03.11"]

1. Nf3 Nf6 2. c4 b6 3. g3 Bb7 4. Bg2 e6 5. O-O Be7 6. Nc3 O-O 7. Re1 c5 8. e4
d6 9. d4 cxd4 10. Nxd4 Qc8 11. b3 a6 12. Bb2 Nbd7 13. Rc1 Ra7 14. Qe2 Re8 15.
g4 Ne5 16. g5 Nfd7 17. h4 Ng6 18. Qg4 Nc5 19. Rcd1 Ne5 20. Qg3 Nc6 21. Nc2 Ra8
22. f4 Qc7 23. Ne3 b5 24. Ng4 bxc4 25. Nf6+ Bxf6 26. gxf6 g6 27. bxc4 Rad8 28.
Ba1 Nb4 29. Rd2 d5 30. cxd5 exd5 31. e5 d4 32. Ne4 Nxe4 33. Bxe4 Bxe4 34. Rxe4
Qc1+ 35. Qe1 Qxe1+ 36. Rxe1 d3 37. Red1 Rc8 38. a3 Nd5 39. Rxd3 Nxf4 40. Rd6
Ra8 41. Kf2 Ne6 42. Rc1 h5 43. Rcc6 a5 44. Ra6 Rxa6 45. Rxa6 Rc8 46. Ke3 Rc1
47. Bb2 Rb1 48. Bd4 Rb3+ 49. Ke4 Rxa3 50. Bb6 g5 51. hxg5 Kh7 52. Rxa5 Rxa5 53.
Bxa5 Kg6 54. Bd2 h4 55. Be3 Nf8 56. Kf4 h3 57. Kg3 Kf5 58. Kxh3 Ng6 59. Kg3
Nxe5 1/2-1/2

[Event "FRA-chT2 0910"]
[Site "France"]
[Date "2009.10.17"]
[Round "2.5"]
[White "Guichard, Hugo"]
[Black "Villeseche, Yoann"]
[Result "1/2-1/2"]
[WhiteElo "1898"]
[BlackElo "1934"]
[PlyCount "95"]
[EventDate "2009.09.27"]
[EventType "team"]
[EventRounds "11"]
[EventCountry "FRA"]
[Source "ChessBase"]
[SourceDate "2010.03.11"]

1. d4 Nf6 2. c4 e6 3. Nf3 b6 4. Nc3 Bb7 5. e3 Ne4 6. Nxe4 Bxe4 7. a3 Be7 8. Bd3
Bxd3 9. Qxd3 d6 10. b3 Nd7 11. Bb2 O-O 12. O-O Bf6 13. Rad1 Qe7 14. Qc2 g6 15.
Rd2 e5 16. dxe5 Nxe5 17. Nxe5 Bxe5 18. Bxe5 Qxe5 19. Rd5 Qe7 20. Rfd1 f5 21. b4
f4 22. exf4 Rxf4 23. c5 Re8 24. g3 Rf6 25. cxd6 Rxd6 26. Rxd6 cxd6 27. Qc6 Rd8
28. Kf1 Qd7 29. Qxd7 Rxd7 30. Ke2 Kf7 31. Kd3 Rc7 32. Ke4 Ke6 33. f4 Rc3 34.
Rd3 Rc2 35. h3 Rc4+ 36. Kf3 a5 37. bxa5 bxa5 38. g4 Rc5 39. Ke4 Rc4+ 40. Ke3
Rc5 41. Kd4 Rc1 42. Re3+ Kf6 43. Kd3 Rf1 44. Ke4 d5+ 45. Kxd5 Rxf4 46. Kc5 h5
47. gxh5 gxh5 48. Kd5 1/2-1/2

[Event "FRA-chT2 0910"]
[Site "France"]
[Date "2009.10.17"]
[Round "2.5"]
[White "Iasoni, Robert"]
[Black "Bellahcene, Bilel"]
[Result "0-1"]
[WhiteElo "2113"]
[BlackElo "2013"]
[PlyCount "118"]
[EventDate "2009.09.27"]
[EventType "team"]
[EventRounds "11"]
[EventCountry "FRA"]
[Source "ChessBase"]
[SourceDate "2010.03.11"]

1. d4 Nf6 2. Nf3 e6 3. e3 c5 4. Bd3 cxd4 5. exd4 Be7 6. O-O d6 7. b3 Nbd7 8.
Bb2 O-O 9. Nbd2 Re8 10. Qe2 b6 11. c4 Nf8 12. a4 Ng6 13. g3 Bb7 14. Rae1 Qd7
15. Ng5 Qc6 16. Nge4 Nxe4 17. Bxe4 d5 18. cxd5 exd5 19. Bxg6 hxg6 20. Qd3 Bf6
21. Nf3 Rad8 22. Rc1 Qd6 23. Rfe1 Bc8 24. Rxe8+ Rxe8 25. Qb5 Bd7 26. Qa6 Bh3
27. Ne5 Qe6 28. Qd3 Bd8 29. Bc3 f6 30. Nf3 Bf5 31. Qb5 Qd7 32. Qxd7 Bxd7 33.
Re1 Kf7 34. Rxe8 Bxe8 35. Nd2 g5 36. f3 Bd7 37. Kf2 Be7 38. Ke3 Bd6 39. Nf1 f5
40. f4 Kf6 41. fxg5+ Kxg5 42. Kf3 f4 43. h4+ Kh5 44. gxf4 Bg4+ 45. Kg3 Bd1 46.
Ne3 Bxb3 47. a5 b5 48. Nf5 Bf8 49. Ne3 b4 50. Bb2 a6 51. f5 Bd6+ 52. Kh3 Bc4
53. Kg2 Bd3 54. Kf2 Be4 55. Nf1 Kxh4 56. Nd2 Bxf5 57. Nb3 g5 58. Nc5 g4 59.
Nxa6 g3+ 0-1

[Event "FRA-chT2 0910"]
[Site "France"]
[Date "2009.10.17"]
[Round "2.5"]
[White "Jeanne, Mickael"]
[Black "Le Hay, Thierry"]
[Result "1/2-1/2"]
[WhiteElo "2150"]
[BlackElo "2141"]
[PlyCount "99"]
[EventDate "2009.09.27"]
[EventType "team"]
[EventRounds "11"]
[EventCountry "FRA"]
[Source "ChessBase"]
[SourceDate "2010.03.11"]

1. Nf3 f5 2. d3 d6 3. c4 Nf6 4. g3 g6 5. Bg2 Bg7 6. O-O O-O 7. Nc3 e5 8. Bg5
Nc6 9. Rb1 a5 10. a3 Ne7 11. b4 axb4 12. axb4 h6 13. Bxf6 Bxf6 14. Qb3 Be6 15.
Ne1 c6 16. b5 d5 17. bxc6 bxc6 18. cxd5 cxd5 19. e4 Qd6 20. Qb6 Ra6 21. Qxd6
Rxd6 22. Nxd5 Nxd5 23. exd5 Bxd5 24. Rb5 Rfd8 25. Bxd5+ Rxd5 26. Rxd5 Rxd5 27.
f3 Be7 28. Kf2 Ra5 29. f4 Ra2+ 30. Kg1 Bc5+ 31. Kh1 exf4 32. gxf4 Rd2 33. Nf3
Rxd3 34. Ne5 Rd6 35. Rc1 Be3 36. Rc8+ Kg7 37. Rc7+ Kf6 38. Nd7+ Ke6 39. Nf8+
Kd5 40. Rg7 g5 41. fxg5 hxg5 42. Kg2 Rd8 43. Nh7 g4 44. Nf6+ Ke5 45. Nxg4+ Kf4
46. Nxe3 Rd2+ 47. Kg1 Kxe3 48. Rg3+ Kf4 49. Rb3 Kg4 50. Rg3+ 1/2-1/2

[Event "FRA-chT2 0910"]
[Site "France"]
[Date "2009.10.17"]
[Round "2.5"]
[White "Konopka, Jeremiasz"]
[Black "Dinayet, Kazi Rashedul"]
[Result "0-1"]
[WhiteElo "2009"]
[BlackElo "2042"]
[PlyCount "122"]
[EventDate "2009.09.27"]
[EventType "team"]
[EventRounds "11"]
[EventCountry "FRA"]
[Source "ChessBase"]
[SourceDate "2010.03.11"]

1. e4 c5 2. Nf3 g6 3. c4 Bg7 4. d4 cxd4 5. Nxd4 Nc6 6. Be3 Nf6 7. Nc3 O-O 8.
Be2 d6 9. O-O Qa5 10. a3 Ne5 11. b4 Qd8 12. h3 a5 13. b5 Ned7 14. Nc2 Nc5 15.
Bxc5 dxc5 16. Qxd8 Rxd8 17. Rad1 Be6 18. Ne3 Rd4 19. Nc2 Rdd8 20. Ne3 Ne8 21.
Ncd5 Kf8 22. a4 Rab8 23. Kh2 Nd6 24. Bd3 f5 25. exf5 Nxf5 26. g4 Nd4 27. f4 Bg8
28. f5 Be5+ 29. Kg2 g5 30. Be4 Rd6 31. Rd2 Rbd8 32. Rdf2 Bf7 33. Rh1 h6 34. h4
b6 35. hxg5 hxg5 36. f6 Bxf6 37. Nxf6 exf6 38. Rh8+ Ke7 39. Rh7 Kf8 40. Nd5
Bxd5 41. Bxd5 Ke8 42. Rf1 R8d7 43. Re1+ Kd8 44. Rh8+ Kc7 45. Ra8 Rxd5 46. cxd5
Rxd5 47. Re7+ Kd6 48. Rf7 Ke5 49. Re8+ Ne6 50. Kf3 Rd6 51. Ke3 c4 52. Rc8 Rd3+
53. Ke2 Nd4+ 54. Ke1 c3 55. Re7+ Kf4 56. Re2 Kxg4 57. Re4+ Kf5 58. Rxd4 Rxd4
59. Rxc3 Rxa4 60. Rc6 Rh4 61. Rxb6 g4 0-1

[Event "FRA-chT2 0910"]
[Site "France"]
[Date "2009.10.17"]
[Round "2.5"]
[White "Lagunes, Jean Renaud"]
[Black "Montagard, Guillaume"]
[Result "1/2-1/2"]
[WhiteElo "2112"]
[BlackElo "2241"]
[PlyCount "92"]
[EventDate "2009.09.27"]
[EventType "team"]
[EventRounds "11"]
[EventCountry "FRA"]
[Source "ChessBase"]
[SourceDate "2010.03.11"]

1. e4 Nf6 2. e5 Nd5 3. c4 Nb6 4. b3 d6 5. exd6 cxd6 6. Bb2 Nc6 7. d4 Bf5 8. Bd3
Qd7 9. a3 Bxd3 10. Qxd3 Qg4 11. Nf3 d5 12. O-O Rd8 13. c5 Nd7 14. b4 Nf6 15.
Ne5 Qc8 16. f4 e6 17. Nd2 g6 18. Rac1 Qc7 19. Bc3 Bg7 20. Nb3 Nxe5 21. dxe5 Ne4
22. Bd4 O-O 23. Rc2 g5 24. fxg5 Bxe5 25. Bxe5 Qxe5 26. Nd4 Qxg5 27. b5 Rc8 28.
c6 Rc7 29. Nf3 Qg7 30. cxb7 Rxb7 31. Rfc1 Nd6 32. a4 Nc4 33. Nd2 Nb2 34. Qe2
Nxa4 35. Nf3 Qg4 36. h3 Qe4 37. Qf1 d4 38. Re2 Qf4 39. Re5 Nc3 40. Rd1 Rd8 41.
Rd2 a6 42. bxa6 Rbd7 43. Qd3 h6 44. g3 Qf6 45. Ra5 Qe7 46. Ne5 Rd6 1/2-1/2

[Event "FRA-chT2 0910"]
[Site "France"]
[Date "2009.10.17"]
[Round "2.5"]
[White "Maillot, Fabien"]
[Black "Fournet, Arnaud"]
[Result "1/2-1/2"]
[WhiteElo "2067"]
[BlackElo "2203"]
[PlyCount "105"]
[EventDate "2009.09.27"]
[EventType "team"]
[EventRounds "11"]
[EventCountry "FRA"]
[Source "ChessBase"]
[SourceDate "2010.03.11"]

1. d4 d5 2. c4 c6 3. Nf3 Nf6 4. e3 e6 5. Nc3 Nbd7 6. Qc2 Bd6 7. b3 a6 8. Bd3 b5
9. O-O Qe7 10. Bb2 O-O 11. e4 dxc4 12. bxc4 e5 13. d5 bxc4 14. Bxc4 Nb6 15. Bb3
cxd5 16. Nxd5 Nbxd5 17. Bxd5 Nxd5 18. exd5 Bg4 19. Nd2 Rfc8 20. Qd3 Rab8 21.
Rab1 Bd7 22. Rfc1 Bb5 23. Rxc8+ Rxc8 24. Qe4 g6 25. Rc1 Rxc1+ 26. Bxc1 Qc7 27.
Bb2 Qa5 28. Qc2 Qxa2 29. Ne4 Bf8 30. h4 Qc4 31. Qxc4 Bxc4 32. Nf6+ Kg7 33. Bxe5
Be7 34. d6 Bd8 35. Ne4+ Kf8 36. g3 f5 37. Nc5 Ke8 38. Bc3 Bb5 39. Kg2 Bb6 40.
Bb4 a5 41. Ba3 Bc6+ 42. Kf1 Bxc5 43. Bxc5 Kd7 44. Ke2 Ke6 45. Ke3 Ke5 46. Ba3
h6 47. Kd3 Bb5+ 48. Ke3 g5 49. hxg5 hxg5 50. f4+ gxf4+ 51. gxf4+ Kd5 52. Kf2 a4
53. Kg3 1/2-1/2

[Event "FRA-chT2 0910"]
[Site "France"]
[Date "2009.10.17"]
[Round "2.5"]
[White "Maitesian, Sergei"]
[Black "Frederic, Clement"]
[Result "1-0"]
[WhiteElo "2278"]
[BlackElo "2207"]
[PlyCount "109"]
[EventDate "2009.09.27"]
[EventType "team"]
[EventRounds "11"]
[EventCountry "FRA"]
[Source "ChessBase"]
[SourceDate "2010.03.11"]

1. e4 e6 2. d3 d5 3. Nd2 c5 4. Ngf3 Nc6 5. g3 Bd6 6. Bg2 Nge7 7. O-O O-O 8. Re1
Qc7 9. Qe2 f6 10. h4 Bd7 11. Nf1 b5 12. c3 a5 13. Bd2 Rfe8 14. h5 Rad8 15. h6
g6 16. Ne3 Rf8 17. exd5 Nxd5 18. Nxd5 exd5 19. Nh4 d4 20. Qe4 Rde8 21. Qd5+ Kh8
22. Rxe8 Bxe8 23. Re1 Ne7 24. Qf3 Bc6 25. Rxe7 Qxe7 26. Qxc6 b4 27. cxd4 cxd4
28. Nf3 Rd8 29. Nxd4 Be5 30. Ne6 Re8 31. d4 Qxe6 32. Qxe6 Rxe6 33. dxe5 Rxe5
34. Be3 Kg8 35. Bd4 Re1+ 36. Bf1 Kf7 37. Kg2 Ke8 38. Bxf6 Kf7 39. Bg7 Rc1 40.
Bd3 Rc5 41. b3 Rc1 42. Bc4+ Ke7 43. Bg8 Rc2 44. Kf3 Rxa2 45. Ke3 Rc2 46. f4 Rg2
47. Kf3 Rg1 48. g4 Rb1 49. f5 gxf5 50. gxf5 Rf1+ 51. Ke4 Re1+ 52. Kd4 Kd6 53.
f6 Rd1+ 54. Ke3 Rb1 55. f7 1-0

[Event "FRA-chT2 0910"]
[Site "France"]
[Date "2009.10.17"]
[Round "2.5"]
[White "Mayer, Jean Marc"]
[Black "Joguet, Boris"]
[Result "1-0"]
[WhiteElo "2206"]
[BlackElo "2108"]
[PlyCount "79"]
[EventDate "2009.09.27"]
[EventType "team"]
[EventRounds "11"]
[EventCountry "FRA"]
[Source "ChessBase"]
[SourceDate "2010.03.11"]

1. d4 d5 2. c4 e6 3. Nc3 Nf6 4. Nf3 Be7 5. Bf4 O-O 6. e3 c6 7. Bd3 Nbd7 8. cxd5
Nxd5 9. Bg3 Nxc3 10. bxc3 c5 11. O-O Nf6 12. Ne5 Qa5 13. Qc2 h6 14. Rab1 Nh5
15. Nc4 Qd8 16. Be5 f6 17. Qe2 fxe5 18. Qxh5 exd4 19. cxd4 cxd4 20. exd4 Qxd4
21. Qg6 Bc5 22. Qh7+ Kf7 23. Rbe1 Ke7 24. Ne3 Kd8 25. Rd1 Kc7 26. Be2 Qe5 27.
Qd3 Bxe3 28. fxe3 Rxf1+ 29. Bxf1 a6 30. Be2 Kb8 31. Bf3 Ka7 32. a4 Rb8 33. Kf2
b6 34. Qc4 Qxh2 35. Rd8 Bb7 36. Rd7 Qe5 37. Qc6 Qb2+ 38. Kg3 Qe5+ 39. Kh3 Qf5+
40. g4 1-0

[Event "FRA-chT2 0910"]
[Site "France"]
[Date "2009.10.17"]
[Round "2.5"]
[White "Milesi, Laurent"]
[Black "Marciniak, Gerard"]
[Result "1/2-1/2"]
[WhiteElo "2120"]
[BlackElo "2116"]
[PlyCount "90"]
[EventDate "2009.09.27"]
[EventType "team"]
[EventRounds "11"]
[EventCountry "FRA"]
[Source "ChessBase"]
[SourceDate "2010.03.11"]

1. b3 e5 2. Bb2 Nc6 3. e3 a6 4. c4 Nf6 5. a3 d5 6. cxd5 Nxd5 7. Qc2 Be6 8. Nf3
f6 9. d3 Be7 10. Nbd2 Rc8 11. Be2 O-O 12. O-O Qd7 13. Rac1 Rfd8 14. Rfd1 Nb6
15. Ne4 Na5 16. Nfd2 c5 17. Nc4 Naxc4 18. dxc4 Qc7 19. Nc3 f5 20. e4 Bg5 21.
Ra1 Rf8 22. Bf3 Qf7 23. Rd6 Rc6 24. Rad1 Rxd6 25. Rxd6 Nc8 26. Rd1 b5 27. exf5
Bxf5 28. Qe2 bxc4 29. Qxe5 Re8 30. Qxc5 cxb3 31. Bc6 Rd8 32. Rxd8+ Bxd8 33. Bd5
Be6 34. Bxb3 Bb6 35. Qxc8+ Bxc8 36. Bxf7+ Kxf7 37. Nd5 Bc5 38. Nf4 Bf5 39. h4
g6 40. Kf1 Ke7 41. f3 h5 42. g4 hxg4 43. fxg4 Bxg4 44. Nxg6+ Ke6 45. Ne5 Bh3+
1/2-1/2

[Event "FRA-chT2 0910"]
[Site "France"]
[Date "2009.10.17"]
[Round "2.5"]
[White "Neuhauser, Salome"]
[Black "Carrillo, Jesus"]
[Result "1-0"]
[WhiteElo "2041"]
[BlackElo "2124"]
[PlyCount "81"]
[EventDate "2009.09.27"]
[EventType "team"]
[EventRounds "11"]
[EventCountry "FRA"]
[Source "ChessBase"]
[SourceDate "2010.03.11"]

1. e4 c5 2. Nf3 d6 3. d4 cxd4 4. Nxd4 Nf6 5. Nc3 a6 6. f4 e6 7. Qf3 Qc7 8. g4
b5 9. g5 Nfd7 10. a3 Bb7 11. Bg2 g6 12. Qg3 Bg7 13. Be3 e5 14. Nde2 exf4 15.
Bxf4 Ne5 16. O-O-O Nbd7 17. Rd2 Nb6 18. Rhd1 Rd8 19. Nd4 Nbc4 20. Rf2 O-O 21.
Bf1 Qb6 22. Bxc4 Nxc4 23. Nde2 b4 24. Na4 Qb5 25. b3 bxa3 26. Nec3 Qb4 27. Na2
Qa5 28. N2c3 Ne5 29. Rfd2 Qb6 30. Kb1 Rfe8 31. Nd5 Bxd5 32. Rxd5 a5 33. Nc3 Qa6
34. Ka2 Nc6 35. Rxd6 Nb4+ 36. Kxa3 Rxd6 37. Rxd6 Qc8 38. Kb2 Rxe4 39. Bd2 Be5
40. Qf3 Qe8 41. Qxe4 1-0

[Event "FRA-chT2 0910"]
[Site "France"]
[Date "2009.10.17"]
[Round "2.5"]
[White "Tatard, Marie"]
[Black "Couderc, Christophe"]
[Result "0-1"]
[WhiteElo "1885"]
[BlackElo "2086"]
[PlyCount "114"]
[EventDate "2009.09.27"]
[EventType "team"]
[EventRounds "11"]
[EventCountry "FRA"]
[Source "ChessBase"]
[SourceDate "2010.03.11"]

1. e4 c5 2. Nf3 Nc6 3. d4 cxd4 4. Nxd4 Nf6 5. Nc3 e5 6. Ndb5 d6 7. Nd5 Nxd5 8.
exd5 Ne7 9. c4 Ng6 10. Nc3 Be7 11. Be2 O-O 12. O-O f5 13. Qc2 Bg5 14. b4 a5 15.
b5 Bxc1 16. Qxc1 b6 17. g3 e4 18. f4 exf3 19. Bxf3 Ne5 20. Na4 Rb8 21. Be2 Bd7
22. Qe3 Qc7 23. Qd4 Rf6 24. Rac1 Be8 25. Nb2 Rc8 26. Na4 Nd7 27. Bd3 Bg6 28.
Rf4 Re8 29. Rcf1 Re5 30. Qf2 h6 31. Qc2 Nc5 32. Nb2 Nxd3 33. Nxd3 Rxd5 34. Qe2
Re5 35. Nxe5 dxe5 36. R4f2 Bf7 37. Rc1 Qc5 38. Rc2 f4 39. Kf1 f3 40. Qe4 Bg6
41. Qd5+ Qxd5 42. cxd5 Bxc2 43. Rxc2 Kf7 44. Rc7+ Kg6 45. Rc6 Kf7 46. Rc7+ Kf8
47. Rc2 Ke7 48. Kf2 Kd6 49. Rd2 g5 50. g4 e4 51. h3 Ke5 52. a4 Rd6 53. Rc2 Rxd5
54. Rc8 Rd2+ 55. Kf1 e3 56. Rc1 Kf4 57. Ke1 Rh2 0-1

[Event "FRA-chT2 0910"]
[Site "France"]
[Date "2009.10.17"]
[Round "2.5"]
[White "Tillet, Louis Juan"]
[Black "Rouze, Xavier"]
[Result "1-0"]
[WhiteElo "2148"]
[BlackElo "2039"]
[PlyCount "49"]
[EventDate "2009.09.27"]
[EventType "team"]
[EventRounds "11"]
[EventCountry "FRA"]
[Source "ChessBase"]
[SourceDate "2010.03.11"]

1. e4 d6 2. d4 Nf6 3. Nc3 g6 4. Bc4 Bg7 5. Qe2 e5 6. dxe5 dxe5 7. Nf3 Nbd7 8.
O-O O-O 9. h3 c6 10. a4 a5 11. b3 h6 12. Rd1 Re8 13. Nh4 Nd5 14. exd5 Qxh4 15.
dxc6 bxc6 16. Ne4 Nb6 17. Bxf7+ Kxf7 18. Nd6+ Kf8 19. Ba3 Re7 20. Nxc8 Nxc8 21.
Rd8+ Kf7 22. Rad1 Re8 23. R1d7+ Ke6 24. Qf3 Re7 25. Rd6+ 1-0

[Event "FRA-chT2 0910"]
[Site "France"]
[Date "2009.10.17"]
[Round "2.6"]
[White "Bureau, Frederic"]
[Black "Bentout, Pascal"]
[Result "0-1"]
[WhiteElo "2052"]
[BlackElo "2160"]
[PlyCount "82"]
[EventDate "2009.09.27"]
[EventType "team"]
[EventRounds "11"]
[EventCountry "FRA"]
[Source "ChessBase"]
[SourceDate "2010.03.11"]

1. d4 Nf6 2. Nf3 g6 3. Bg5 Bg7 4. e3 d6 5. Be2 Nbd7 6. c4 O-O 7. Nc3 c6 8. h3
a6 9. b4 b5 10. O-O Bb7 11. Qc2 bxc4 12. Bxc4 c5 13. bxc5 dxc5 14. Be2 cxd4 15.
Nxd4 Qa5 16. Bxf6 Bxf6 17. Ne4 Rac8 18. Nxf6+ Nxf6 19. Qb2 Rb8 20. Nb3 Qg5 21.
g3 Qd5 22. f3 Qe6 23. Kf2 Qxh3 24. Rh1 Ng4+ 25. fxg4 Bxh1 26. Qe5 Qg2+ 27. Ke1
Rfd8 28. Nd2 Qd5 29. Qxd5 Bxd5 30. Bxa6 Rb2 31. Bc4 Rxd2 32. Kxd2 Bxc4+ 33. Kc3
Be2 34. Re1 Bxg4 35. a4 Ra8 36. Kb4 Kg7 37. a5 g5 38. Kb5 h5 39. Kb6 Bf3 40. e4
h4 41. gxh4 gxh4 0-1

[Event "FRA-chT2 0910"]
[Site "France"]
[Date "2009.10.17"]
[Round "2.6"]
[White "Cassam Chenai, Eric"]
[Black "Delalee, Paul"]
[Result "1-0"]
[WhiteElo "2112"]
[BlackElo "1934"]
[PlyCount "72"]
[EventDate "2009.09.27"]
[EventType "team"]
[EventRounds "11"]
[EventCountry "FRA"]
[Source "ChessBase"]
[SourceDate "2010.03.11"]

1. d4 Nf6 2. Nf3 g6 3. Bf4 Bg7 4. e3 d6 5. Be2 O-O 6. h3 c5 7. O-O b6 8. c3 Bb7
9. Nbd2 Nbd7 10. Bh2 Qc7 11. Re1 Rac8 12. Bd3 Rfe8 13. e4 cxd4 14. cxd4 e5 15.
d5 Nc5 16. Bb5 Rf8 17. Rc1 a6 18. Bf1 Qe7 19. b4 Ncd7 20. Nc4 Bh6 21. Nfd2 Nh5
22. Be2 Ng7 23. f4 f5 24. Bf3 Qf6 25. exf5 gxf5 26. fxe5 dxe5 27. Nxe5 Nxe5 28.
Bxe5 Qg5 29. Nb3 Qh4 30. Rxc8 Rxc8 31. Re2 Qxb4 32. Qd3 Rf8 33. Nd4 Rd8 34.
Nxf5 Nxf5 35. Qxf5 Bxd5 36. Bxd5+ Rxd5 1-0